Serbska bibliografija 2001-2005. - Bautzen : Domowina. - 2008 [Rezension]
| Titel: | Serbska bibliografija 2001-2005. - Bautzen : Domowina. - 2008 [Rezension] |
|---|---|
| Verfasser: | |
| In: |
Neues Archiv für sächsische Geschichte, Band 80 (2009), Seite 314-315 alle Artikel anzeigen |
| Veröffentlicht: | 2009 |
| Format: | Aufsatz |
| Sprache: | Deutsch |
X
alg: 39507052 001A $01999:12-11-16 001B $01999:04-08-21 $t21:03:49.000 001D $01999:12-11-16 001U $0utf8 001X $00 002@ $0Aox 003@ $039507052X 007A $039507052X $aHEB 007T $0Herdc0062943m 010@ $ager 011@ $a2009 021A $aSerbska bibliografija 2001-2005. - Bautzen : Domowina. - 2008 [Rezension] 028A $aHermann $dKonstantin 031A $d80 $h314-315 $j2009 039B $aIn $8--Abvc--. Neues Archiv für sächsische Geschichte. - Neustadt a.d. Aisch : Schmidt, 1880-. - ISSN 0944-8195 $x200900000800000686 $9047449519 039T $8--Aax--. Serbska bibliografija 2001-2005. - Bautzen : Domowina, 2008. - 526 S.. - ISBN 978-3-7420-2105-2 $9395421578 045F $a900.94385 $eDDC23BSB 045F/01 $a900 045F/03 $g4385 045T $a8,1 lok: 39507052 78 exp: 39507052 78 1 #EPN 201B/01 $018-11-16 $t13:39:29.000 201U/01 $0utf8 203@/01 $0791369161 208@/01 $a12-11-16 $be 209A/01 $a/ $f000 $x00 220C/01 $aTitelaufnehmer: nk;tn 220C/01 $aHerkunft: HI Marburg 244Z/01 $2Trx $#Silesia $#Śląsk $#Sliezsko $#Slezsko $8--Trx--Schlesien $x01 $9391173987 244Z/01 $2Trx $#Germania Slavica $#"Germania Slavica" $#Germania Slavica $#Germania Slavica $#Germania Slavica $#Germania Slavica $#Germania Slavica $8--Trx--Germania Slavica $x02 $9391371002 244Z/01 $2Trx $#arvustused $#recenzijos $#Reviews $#recenziók $#recenzje $#recenzie $#recenze $8--Trx--Rezensionen $x03 $9391357441 247C/01 $82080>Marburg/Lahn, Herder-Institut, Forschungsbibliothek, Bibliographieportal $9336309341
| LEADER | 00000caa a22000002c 4500 | ||
|---|---|---|---|
| 001 | 39507052X | ||
| 003 | DE-603 | ||
| 005 | 20210804210349.0 | ||
| 007 | tu | ||
| 008 | 161112s2009 xx |||| | u00||u|ger c | ||
| 035 | |a (DE-599)HEB39507052X | ||
| 040 | |a DE-603 |b ger |c DE-603 |d DE-603 | ||
| 041 | |a ger | ||
| 082 | 0 | 4 | |8 1\u |a 900.94385 |q DE-101 |2 23/BSB |
| 084 | |a 8,1 |2 ssgn | ||
| 085 | |8 1\u |b 900 | ||
| 085 | |8 1\u |z 2 |s 4385 | ||
| 100 | 1 | |a Hermann, Konstantin | |
| 245 | 0 | 0 | |a Serbska bibliografija 2001-2005. - Bautzen : Domowina. - 2008 [Rezension] |
| 264 | 0 | |c 2009 | |
| 773 | 0 | 8 | |i In |t Neues Archiv für sächsische Geschichte |d Neustadt a.d. Aisch : Schmidt, 1880- |x 0944-8195 |g Band 80 (2009), Seite 314-315 |w (DE-603)047449519 |w (DE-600)280274-0 |
| 787 | 0 | 8 | |i Rezension von |t Serbska bibliografija 2001-2005 |d Bautzen : Domowina, 2008 |h 526 S. |z 9783742021052 |w (DE-603)395421578 |
| 924 | 0 | |9 2080 |a (DE-603)791369161 |b DE-2080 |c HES |d d |g / | |


